Taylor Swift- marjorie (All Lyrics) - Statistics

General Stats
  • This quiz has been taken 61 times
  • The average score is 258 of 296
Answer Stats
Lyrics % Correct
You
100%
you
100%
I
97%
Marjorie
97%
me
97%
to
97%
your
97%
And
94%
and
94%
as
94%
be
94%
didn't
94%
know
94%
What
94%
for
91%
in
91%
my
91%
so
91%
think
91%
were
91%
where
91%
You're
91%
you're
91%
around
89%
better
89%
'Cause
89%
every
89%
how
89%
I'd
89%
if
89%
If
89%
name
89%
still
89%
The
89%
the
89%
alive,
86%
alive
86%
asked
86%
Asked
86%
dead
86%
died
86%
head
86%
it
86%
Never
86%
now
86%
should've
86%
Should've
86%
signed
86%
stay
86%
talking
86%
up
86%
would
86%
down
83%
forget
83%
grocery
83%
kept
83%
of
83%
polite
83%
store
83%
write
83%
All
80%
all
80%
from
80%
kind
80%
power
80%
questions
80%
Watched
80%
way
80%
clever
77%
dreams
77%
much
77%
such
77%
taken
77%
that
77%
there
77%
whole
77%
could
74%
loved
74%
singing
74%
stairs
74%
autumn
71%
back
71%
But
71%
go
71%
our
71%
receipt
71%
touch
71%
chill
69%
complained
69%
left
69%
scrap
69%
skies
69%
wakes
69%
wield
69%
always
66%
amber
66%
closets
66%
feel
66%
feet
66%
them
66%
frozen
63%
past
63%
Long
60%
backlogged
57%
swims
57%
car
54%
limbs
54%
You'd
54%
ride
51%
No matching quizzes found
Score Distribution
Percent of People with Each Score
Percentile by Number Answered
Your Score History
You have not taken this quiz